000 00811cab a2200241 4500
001 ABS55884
008 090401t1996 xxu||||| |||| 00| 0 eng d
035 _a(Sirsi) u19424
041 _aeng
100 _aMcIntosh, R.
245 _aDiscounted cashflows: a survey
260 _c1996
350 _a0
490 _aValuer (AIVLE)
_v34(3) August 1996, 273-278(6)
520 _aDiscusses the results of a survey sent to major property investors in Australia who make extensive use of discounted cashflows, to discover how DCFs are used by such institutions and consider the various trends that are emerging.
650 _aDCF
650 _aDISCOUNTED CASHFLOW
650 _aPROPERTY INVESTMENT
650 _aVALUATION METHODS
690 _aRATING AND VALUATION
942 _n0
948 _c04/03/1997
999 _c12964
_d12964